Statistics for TV Show Intros by Picture #6

Click here to take the quiz!

General Stats

  • This quiz has been taken 91 times
  • The average score is 6 of 20

Answer Stats

Answer% Correct
The Beverly Hillbillies
75%
Maude
51%
Days of Our Lives
49%
The Drew Carey Show
48%
Mad About You
44%
Battlestar Galactica
41%
The Powerpuff Girls
39%
The Facts of Life
36%
Mission: Impossible
33%
Rawhide
27%
Lost in Space
24%
Hill Street Blues
23%
House of Cards
21%
Peacemaker
19%
The Six Million Dollar Man
19%
Where in the World Is Carmen Sandiego?
19%
The White Lotus
17%
Archer
15%
Desperate Housewives
11%
Outlander
4%

Score Distribution

Percentile by Number Answered

Percent of People with Each Score

Your Score History

You have not taken this quiz